Conception,pregnancy and birth
| Main Author: | |
|---|---|
| Format: | Book |
| Published: |
London :
Dorling Kindersley Ltd. ,
1993
|
| Subjects: |
MARC
| LEADER | 00000cam a2200000 7i4500 | ||
|---|---|---|---|
| 001 | 0000004065 | ||
| 002 | 000004375 | ||
| 005 | 20000330.0 | ||
| 020 | |a 0751300241 | ||
| 090 | 0 | 0 | |a 612.63 |b STO |
| 100 | 1 | |a Stoppard, Miriam |f Dr | |
| 245 | 1 | 0 | |a Conception,pregnancy and birth |c Dr.Miriam Stoppard |
| 260 | |a London : |b Dorling Kindersley Ltd. , |c 1993 | ||
| 300 | |a 352p. : |b ill ; |c 24cm. | ||
| 650 | 0 | 0 | |a Child birth |
| 650 | 0 | 0 | |a Pregnancy |
| 999 | |a 037272 |b BUKU |c PINJAMAN |e PERPUSTAKAAN KOMUNITI PETALING JAYA | ||